Ježiš a pobožní

Bibliographic Details
Main Author: Hlinka, Anton, 1926-2011 (Author)
Format: Article
Language:Slovak
ISSN:1335-3470
Subjects:

MARC

LEADER 00000nab a2200000 a 4500
001 vtls000744365
003 SK-MaSNL
005 20260302192755.0
008 140512c2000 xo 0 slo
015 |a SNBRB2001/01-03407 
035 |a CLN000096201 
040 |a SNKBUCL  |b slo  |c SNKBUCL  |e AACR2 
041 0 |a slo 
044 |a xo  |c SK 
080 |a 211.2  |2 1997 
100 1 |a Hlinka, Anton,  |d 1926-2011  |4 aut  |9 92283 
245 1 0 |a Ježiš a pobožní  |c Anton Hlinka 
650 0 7 |a Boh  |x viera v Boha  |2 snkbucl  |9 842821 
650 0 7 |a viera v Boha  |2 snkbucl  |9 725485 
655 7 |a články z novín a časopisov  |2 snkbucl  |9 267496 
773 0 |t Kultúra  |g Roč. 3, č. 24 (2000), s. 4  |x 1335-3470 
850 |a Slovenská národná knižnica v Martine 
852 |a SNK  |b KIS3GCP 
992 |a RBX 
999 |c 1442016  |d 1443946